| 000 | 01374cam a2200373 i 4500 | ||
|---|---|---|---|
| 001 | 19395358 | ||
| 003 | OSt | ||
| 005 | 20230926154129.0 | ||
| 008 | 161205r20182009nyua b 001 0 eng | ||
| 010 | _a 2016055054 | ||
| 020 | _a9789353433000 | ||
| 020 | _a9780134689524 (pbk.) | ||
| 020 | _a0134689526 (pbk.) | ||
| 040 |
_aDLC _beng _cDLC _erda _dDLC |
||
| 042 | _apcc | ||
| 050 | 0 | 0 |
_aQA21 _b.K33 2018 |
| 082 | 0 | 0 |
_a510.9 _bKAT/H |
| 100 | 1 |
_aKatz, Victor J. _99623 |
|
| 245 | 1 | 2 |
_aA history of mathematics : _ban introduction / _cVictor J. Katz, University of the District of Columbia. |
| 250 | _aThird edition. | ||
| 264 | 1 |
_aNew York, NY : _bPearson, _c[2018] |
|
| 264 | 4 | _c©2018 | |
| 300 |
_axvi, 976 pages : _billustrations (some color) ; _c23 cm. |
||
| 336 |
_atext _btxt _2rdacontent |
||
| 337 |
_aunmediated _bn _2rdamedia |
||
| 338 |
_avolume _bnc _2rdacarrier |
||
| 490 | 0 | _aPearson modern classic | |
| 500 | _aOriginally published in 2009, reissued as part of Pearson's modern classic series. | ||
| 504 | _aIncludes bibliographical references and index. | ||
| 650 | 0 |
_aMathematics _xHistory. |
|
| 906 |
_a7 _bcbc _corignew _d1 _eecip _f20 _gy-gencatlg |
||
| 942 |
_2ddc _cBK _h510.9 _iKAT/H _k510.9 _mKAT/H |
||
| 999 |
_c42414 _d42414 |
||